000 02483cam a22005774i 4500
003 PE-LiUPU
005 20250731165509.0
008 180119s2016 pe a rb 000 0 spa d
020 _a9786123045173
035 _a(Sirsi) a241077
040 _aPE-LiUPU
_bspa
_cPE-LiUPU
_erda
049 _aPRUA
082 0 4 _a004.167
_bT74
_220
082 0 4 _a004.167
_bT74 2016
100 1 _aTorres Remon, Manuel,
_eautor.
245 1 0 _aDesarrollo de aplicaciones móviles con Android /
_cManuel Torres Remon.
250 _aPrimera edición.
264 1 _aLima :
_bMacro,
_c2016.
300 _a358 páginas :
_bilustraciones ;
_c25 centímetros
336 _atext
_2rdacontent
337 _aunmediated
_2rdamedia
338 _avolume
_2rdacarrier
504 _aBibliografía : página [359]
505 _aIntroducción a las tecnologías móviles -- Programación orientada a objetos con Java -- Android Studio y desarrollo inicial de aplicaciones -- Controles de una aplicación Android -- Juegos -- Introducción a la inteligencia artificial: agentes Android y dispositivos móviles -- HTML 5 -- Goohle maps Android API V3 -- Códigos ocultos en su dispositivo móvil -- Las mejores aplicaciones para Android.
526 _aSEG44
526 _aSEG26
526 _aP151
526 _aP150
526 _aP149
526 _aP146
526 _aP145
526 _aP126
526 _aP125
526 _aP92
526 _aP75
526 _aP74
526 _aP27
526 _aP15
541 _g001-0042354;
541 _g423-0000047;
650 0 4 _aAplicaciones (software).
650 0 4 _aApplications (software).
910 _adbm
_bncf
_cncf
_d20180119
910 _agavs
_d20180921
942 _2ddc
_cBOOK
949 _a004.167 T74 2016
_wDEWEY
_c1
_iFT03883
_lCCODEBUT1
_mBUT
_p{dolar}52.90
_r0
_sY
_tBOOK
_u2018-09-21
_xFIA
_PP27
_0COMPRA
_o.STAFF. Colección General Tarapoto
994 _aC0
_bPEPRU
596 _a1 2
999 _a004.167 T74
_wDEWEY
_c26718
_i78267
_d26718
_e2018-10-26
_f2021-11-9
_g4
_lCCODEBUL1
_mBUL
_n10
_p18.66
_q2
_r0
_sY
_tBOOK
_u2018-1-19
_xINGENIERIA
_PP27
_0COMPRA
_o.STAFF. Colección Ingeniería y Arquitectura
999 _a004.167 T74 2016
_wDEWEY
_c1
_iFT03883
_f2019-2-20
_g1
_lCCODEBUT1
_mBUT
_p52.90
_r0
_sY
_tBOOK
_u2018-9-21
_xINGENIERIA
_PP27
_0COMPRA
_1FCOMPR2
_o.STAFF. Colección General Tarapoto
980 _81
_gALBERTO SANCHEZ Responsable de Automatización